All Pokémon used by important Paldea trainers - Statistics

General Stats
  • This quiz has been taken 66 times
    29 since last reset
  • The average score is 148 of 358
Answer Stats
Trainer Games Pokémon % Correct
Katy SV (Rematch only) Lokix
90%
Katy SV Nymble
90%
Katy SV (Rematch only) Spidops
90%
Katy SV Tarountula
80%
Katy SV Teddiursa
80%
Katy SV (Rematch only) Ursaring
80%
Brassius SV (Rematch only) Arboliva
70%
O'Nare SV Arboliva
70%
Iono SV Bellibolt
70%
Grusha SV Cetitan
70%
Penny/Cassiopeia SV Flareon
70%
Nemona SV (Conditionally) Fuecoco
70%
Clavell SV (Possible gift) Fuecoco
70%
Salvatore SV Glaceon
70%
Penny/Cassiopeia SV Jolteon
70%
Iono SV (Rematch only) Kilowattrel
70%
Penny/Cassiopeia SV Leafeon
70%
Perrin SV Leafeon
70%
Iono SV Luxio
70%
Iono SV (Rematch only) Luxray
70%
Nemona SV (Conditionally) Meowscarada
70%
Clavell/Clive SV (Conditionally) Meowscarada
70%
Iono SV Mismagius
70%
Nemona SV (Conditionally) Quaquaval
70%
Clavell/Clive SV (Conditionally) Quaquaval
70%
Nemona SV (Conditionally) Quaxly
70%
Clavell SV (Possible gift) Quaxly
70%
Brassius SV Smoliv
70%
Nemona SV (Conditionally) Sprigatito
70%
Clavell SV (Possible gift) Sprigatito
70%
Penny/Cassiopeia SV Sylveon
70%
Penny/Cassiopeia SV Vaporeon
70%
Iono SV Wattrel
70%
Kofu SV Wugtrio
70%
Larry SV Altaria
60%
Grusha SV Altaria
60%
Eri SV Annihilape
60%
Grusha SV (Unused in battle) Cetoddle
60%
Grusha SV (Traded to the player) Cetoddle
60%
Kofu SV Crabominable
60%
Nemona SV (Conditionally) Crocalor
60%
Kieran SV Dipplin
60%
Hassel SV (Rematch only) Dragonite
60%
Kieran SV Dragonite
60%
Drayton SV Dragonite
60%
Nemona SV Dudunsparce (Three-Segment)
60%
Larry SV Dudunsparce (Two-Segment)
60%
Larry SV (Traded to the player) Dudunsparce (Two-Segment)
60%
Penny SV (Traded to the player) Eevee
60%
Nemona SV (Conditionally) Floragato
60%
Arven SV Garganacl
60%
Tyme SV Garganacl
60%
Geeta SV Glimmora
60%
Katy SV (Rematch only) Heracross
60%
Ryme SV Houndstone
60%
Kieran SV Hydrapple
60%
A.I. Turo Violet Iron Hands
60%
A.I. Turo Violet Iron Jugulis
60%
A.I. Turo Violet Iron Moth
60%
Geeta SV Kingambit
60%
Giacomo SV (Rematch only) Kingambit
60%
Paradise Protection Protocol Scarlet Koraidon
60%
Poppy SV Magnezone
60%
Paradise Protection Protocol Violet Miraidon
60%
Arven SV Nacli
60%
Larry SV (Rematch only) Oinkologne (Female)
60%
Nemona SV Pawmi
60%
Clavell SV (Unused in battle) Pawmi
60%
Nemona SV Pawmo
60%
Clavell SV (Traded to the player) Pawmo
60%
Nemona SV Pawmot
60%
Nemona SV (Conditionally) Quaxwell
60%
Salvatore SV Raichu
60%
Nemona SV (Conditionally) Skeledirge
60%
Clavell/Clive SV (Conditionally) Skeledirge
60%
Brassius SV Sudowoodo
60%
Ryme SV Toxtricity (Low-Key)
60%
Penny/Cassiopeia SV Umbreon
60%
Kofu SV Veluza
60%
Kofu SV (Traded to the player) Veluza
60%
Geeta SV Veluza
60%
Saguaro SV Alcremie (Ruby Cream, Strawberry Sweet)
50%
Lacey SV Alcremie (Ruby Swirl, Berry Sweet)
50%
Amarys SV Alolan Dugtrio
50%
Kieran SV (Traded to the player) Applin
50%
Geeta SV Avalugg
50%
Ryme SV Banette
50%
Hassel SV Baxcalibur
50%
A.I. Sada Scarlet Brute Bonnet
50%
Arven SV Cloyster
50%
Poppy SV Copperajah
50%
Ortega SV Dachsbun
50%
Rika SV Donphan
50%
Rika SV Dugtrio
50%
Amarys SV Empoleon
50%
Tulip SV Espathra
50%
Geeta SV Espathra
50%
Lacey SV Excadrill
50%
Tulip SV Farigiraf
50%
Jacq SV Farigiraf
50%
Larry SV Flamigo
50%
Hassel SV Flapple
50%
Tulip SV Florges (Red Flower)
50%
A.I. Sada Scarlet Flutter Mane
50%
Grusha SV Frosmoth
50%
Tulip SV (Rematch only) Gallade
50%
Tulip SV Gardevoir
50%
Raifort SV Gengar
50%
Geeta SV (Traded to the player) Glimmet
50%
Geeta SV Gogoat
50%
Dendra SV Hitmontop
50%
Mela SV (Rematch only) Houndoom
50%
Clavell/Clive SV (Conditionally) Houndoom
50%
A.I. Turo Violet Iron Bundle
50%
A.I. Turo Violet Iron Thorns
50%
A.I. Turo Violet Iron Valiant
50%
Tyme SV Kleavor
50%
Giacomo SV (Rematch only) Mabosstiff
50%
Arven SV Mabosstiff
50%
Crispin SV Magmortar
50%
Crispin SV (Unused in battle) Magmortar
50%
Crispin SV (Unused in battle) Magmortar
50%
Crispin SV (Unused in battle) Magmortar
50%
Crispin SV (Unused in battle) Magmortar
50%
Crispin SV (Unused in battle) Magmortar
50%
Hideko SV Mamoswine
50%
Carmine SV Mightyena
50%
Larry SV Oricorio (Pom-Pom Style)
50%
Dendra SV Paldean Tauros (Aqua Breed)
50%
Dendra SV Paldean Tauros (Blaze Breed)
50%
Nemona SV (Unused in battle against the player) Paldean Tauros (Combat Breed)
50%
Nemona SV (Traded to the player) Paldean Tauros (Combat Breed)
50%
Carmen SV Primeape
50%
Eri SV (Rematch only) Primeape
50%
A.I. Sada Scarlet Roaring Moon
50%
A.I. Sada Scarlet Sandy Shocks
50%
Raifort SV Scizor
50%
Amarys SV Scizor
50%
A.I. Sada Scarlet Scream Tail
50%
Arven SV Shellder
50%
Amarys SV Skarmory
50%
Amarys SV (Traded to the player) Skarmory
50%
A.I. Sada Scarlet Slither Wing
50%
Larry SV Staraptor
50%
Larry SV (Rematch only) Tauros
50%
Arven SV Toedscool
50%
Arven SV Toedscruel
50%
Clavell/Clive SV Abomasnow
40%
Yukito SV Arbok
40%
Mela SV (Rematch only) Arcanine
40%
Jacq SV Arcanine
40%
Drayton SV Archaludon
40%
Mela SV (Rematch only) Armarouge
40%
Grusha SV Beartic
40%
Larry SV (Rematch only) Braviary
40%
Poppy SV Bronzong
40%
Geeta SV (Rematch only) Chesnaught
40%
Kofu SV (Rematch only) Clawitzer
40%
Rika SV Clodsire
40%
Ryme SV (Traded to the player) DJ G-Rave
40%
Hassel SV (Rematch only) Duraludon
40%
Drayton SV (Traded to the player) Duraludon
40%
Cyrano SV Emboar
40%
Drayton SV Flygon
40%
Katy SV (Rematch only) Forretress
40%
Saguaro SV Froslass
40%
Jacq SV Galarian Slowbro
40%
Lacey SV Galarian Slowbro
40%
Miriam SV Glalie
40%
Nemona SV Goodra
40%
Saguaro SV Goodra
40%
Kieran SV Grimmsnarl
40%
Raifort SV Grumpig
40%
Clavell/Clive SV (Conditionally) Gyarados
40%
Ortega SV (Rematch only) Hatterene
40%
Saguaro SV Hatterene
40%
Hassel SV Haxorus
40%
Drayton SV Haxorus
40%
Perrin SV (Unused in battle) Hisuian Growlithe
40%
Perrin SV (Gift) Hisuian Growlithe
40%
Kieran SV Incineroar
40%
Drayton SV Kingdra
40%
Ortega SV (Rematch only) Klefki
40%
Brassius SV (Rematch only) Lilligant
40%
Eri SV Lucario
40%
Tyme SV Lycanroc (Dusk)
40%
Nemona SV Lycanroc (Midday)
40%
Tyme SV Lycanroc (Midday)
40%
Tyme SV Lycanroc (Midnight)
40%
Ryme SV Mimikyu
40%
Brassius SV Petilil
40%
Kieran SV Politoed
40%
Carmine SV Poltchageist
40%
Carmine SV (Traded to the player) Poltchageist
40%
Carmine SV Poochyena
40%
Lacey SV Primarina
40%
Atticus SV Revavroom
40%
Eri SV Revavroom (Caph Starmobile)
40%
Atticus SV Revavroom (Navi Starmobile)
40%
Ortega SV Revavroom (Ruchbah Starmobile)
40%
Mela SV Revavroom (Schedar Starmobile)
40%
Giacomo SV Revavroom (Segin Starmobile)
40%
Cyrano SV Samurott
40%
Cyrano SV Serperior
40%
Raifort SV Seviper
40%
Carmine SV Sinistcha
40%
Jacq SV Slowbro
40%
Ryme SV (Rematch only) Spiritomb
40%
Brassius SV (Traded to the player) Sunflora
40%
Crispin SV Talonflame
40%
Mela SV Torkoal
40%
Rika SV (Rematch only) Torterra
40%
Atticus SV (Rematch only) Toxapex
40%
Miriam SV Toxapex
40%
Brassius SV (Rematch only) Vileplume
40%
Grusha SV (Rematch only) Weavile
40%
Kieran SV Yanma
40%
Kieran SV Yanmega
40%
Grusha SV (Rematch only) Alolan Ninetales
30%
Saguaro SV Alomomola
30%
Katy SV (Rematch only) Araquanid
30%
Hassel SV (Traded to the player) Arctibax
30%
Ortega SV Azumarill
30%
Crispin SV Blaziken
30%
Cyrano SV (Traded to the player) Blitzle (Shiny)
30%
Brassius SV (Rematch only) Breloom
30%
Giacomo SV (Rematch only) Cacturne
30%
Rika SV Camerupt
30%
Crispin SV Camerupt
30%
Mela SV (Rematch only) Coalossal
30%
Tyme SV Coalossal
30%
Poppy SV Corviknight
30%
Nemona SV (Conditionally, rematch only) Decidueye
30%
Tulip SV (Rematch only) Delphox
30%
Tyme SV Drednaw
30%
Miriam SV Eelektross
30%
Iono SV (Rematch only) Electivire
30%
Iono SV (Rematch only) Electrode
30%
Crispin SV Exeggutor
30%
Kofu SV (Rematch only) Feraligatr
30%
Raifort SV (Traded to the player) Gimmighoul (Chest)
30%
Kieran SV Gligar
30%
Kieran SV Gliscor
30%
Ryme SV (Rematch only) Golurk
30%
Nemona SV Goomy
30%
Salvatore SV Gothitelle
30%
Cyrano SV Gothitelle
30%
Lacey SV Granbull
30%
Arven SV Greedent
30%
Dendra SV Hariyama
30%
Harrington SV Hattrem
30%
Saguaro SV (Traded to the player) Hattrem
30%
Dendra SV Hawlucha
30%
Giacomo SV (Rematch only) Honchkrow
30%
Salvatore SV Honchkrow
30%
Larry SV Komala
30%
Giacomo SV (Rematch only) Krookodile
30%
Iono SV (Traded to the player) Magnemite
30%
Cyrano SV Mandibuzz
30%
Dendra SV Medicham
30%
Dendra SV (Traded to the player) Meditite
30%
Miriam SV Meganium
30%
Amarys SV Metagross
30%
Lacey SV Minun
30%
Harrington SV Morgrem
30%
Atticus SV Muk
30%
Carmine SV Ninetales
30%
Perrin SV Noctowl
30%
Hassel SV Noivern
30%
Clavell/Clive SV Oranguru
30%
Nemona SV Orthworm
30%
Saguaro SV Pachirisu
30%
Rika SV (Traded to the player) Paldean Wooper
30%
Kofu SV (Rematch only) Pelipper
30%
Lacey SV Plusle
30%
Kieran SV Poliwag
30%
Kieran SV Poliwrath
30%
Amarys SV Reuniclus
30%
Nemona SV Rockruff
30%
Tyme SV (Traded to the player) Rockruff
30%
Drayton SV Sceptile
30%
Arven SV Scovillain
30%
Kieran SV Shiftry
30%
Youssef SV Shroodle
30%
Arven SV Skwovet
30%
Arven SV (Traded to the player) Skwovet
30%
Nemona SV Sliggoo
30%
Jacq SV Swalot
30%
Kieran SV Terapagos
30%
Poppy SV Tinkaton
30%
Carmine SV Toucannon
30%
Larry SV Tropius
30%
Brassius SV (Rematch only) Tsareena
30%
Carmine SV Vulpix
30%
Yukito SV Weezing
30%
Lacey SV Whimsicott
30%
Ortega SV Wigglytuff
30%
Cyrano SV Zebstrika
30%
Salvatore SV (Traded to the player) Alolan Meowth
20%
Clavell/Clive SV (Conditionally) Amoonguss
20%
Poppy SV (Rematch only) Bastiodon
20%
Hideko SV Chandelure
20%
Jacq SV (Possible gift) Chimchar (Egg)
20%
Hassel SV Dragalge
20%
Atticus SV (Rematch only) Dragalge
20%
Dendra SV Falinks
20%
Tulip SV (Traded to the player) Flittle
20%
Salvatore SV (Gift) Galarian Meowth
20%
Nemona SV (Conditionally, rematch only) Greninja
20%
Youssef SV Gulpin
20%
Jacq SV (Unused in battle) Gulpin
20%
Jacq SV (Traded to the player) Gulpin
20%
Miriam SV Hypno
20%
Nemona SV (Conditionally, rematch only) Infernape
20%
Nemona SV (Rematch only) Kommo-o
20%
Raifort SV Lumineon
20%
Crispin SV (Traded to the player) Magby
20%
Raifort SV Malamar
20%
Miriam SV (Traded to the player) Mareanie
20%
Nemona SV (Conditionally, rematch only) Milotic
20%
Jacq SV Mudsdale
20%
Salvatore SV Palossand
20%
Eri SV Passimian
20%
Salvatore SV Persian
20%
O'Nare SV Persian
20%
Miriam SV Pincurchin
20%
Jacq SV (Possible gift) Piplup (Egg)
20%
Kieran SV Poliwhirl
20%
Clavell/Clive SV Polteageist
20%
Kieran SV Probopass
20%
Nemona SV (Conditionally, rematch only) Ribombee
20%
Carmine SV Scrafty
20%
Lacey SV (Traded to the player) Snubbull
20%
Tyme SV Stonjourner
20%
Poppy SV (Traded to the player) Tinkatuff
20%
Eri SV Toxicroak
20%
Jacq SV (Possible gift) Turtwig (Egg)
20%
Raifort SV Zoroark
20%
Salvatore SV Alolan Sandslash
10%
Katy SV (Traded to the player) Combee
10%
Kieran SV Cramorant
10%
Carmen SV Croagunk
10%
Geeta SV (Rematch only) Dragapult
10%
Nemona SV (Conditionally, rematch only) Dusknoir
10%
Kieran SV Furret
10%
Carmine SV Leavanny
10%
Carmine SV Morpeko
10%
Giacomo SV Pawniard
10%
Kieran SV Porygon-Z
10%
Crispin SV Rotom (Heat)
10%
Miriam SV Sawsbuck (Autumn)
10%
Kieran SV Sentret
10%
Atticus SV Skuntank
10%
Saguaro SV Vespiquen
10%
Rika SV Whiscash
10%
Jacq SV Lurantis
0%
Carmine SV Swadloon
0%
Jacq SV Victreebel
0%
No matching quizzes found
Score Distribution
Percent of People with Each Score
Percentile by Number Answered
Your Score History
You have not taken this quiz since the last reset